[Event "Weymouth Minor op"]
[Site "Weymouth"]
[Date "2008.10.26"]
[Round "5"]
[White "Mackie, Norman"]
[Black "Winter, Cyril J"]
[Result "0-1"]
[WhiteElo "1280"]
[BlackElo "1392"]
[PlyCount "90"]
[EventDate "2008.10.24"]
[EventType "swiss"]
[EventRounds "5"]
[EventCountry "ENG"]
[SourceTitle "EXT 2011"]
[Source "ChessBase"]
[SourceDate "2010.11.26"]
[SourceVersion "1"]
[SourceVersionDate "2010.11.26"]
[SourceQuality "1"]

1. e4 c6 2. d4 d5 3. Nc3 dxe4 4. Nxe4 Bf5 5. Nc3 Nf6 6. Nf3 Nbd7 7. Bc4 e6 8. Be3 Nd5 9. Nxd5 cxd5 10. Bb3 Bd6 11. Qd2 Nf6 12. Ba4+ Ke7 13. Nh4 Bg6 14. h3 Ne4 15. Nxg6+ hxg6 16. Qd3 Qa5+ 17. Bd2 Qxa4 18. f3 Ng3 19. Rg1 Nf5 20. c3 Bg3+ 21. Ke2 Qc4 22. Qxc4 dxc4 23. f4 Nd6 24. Kf3 f5 25. Rad1 Ne4 26. Be3 Rhd8 27. Rh1 Rd5 28. h4 Rh8 29. Rh3 Rxh4 30. Rxg3 Nxg3 31. Kxg3 Rh6 32. Kf3 a5 33. Bf2 Kd6 34. b3 b5 35. Rc1 Rh8 36. Re1 Rc8 37. Re5 cxb3 38. axb3 Rxc3+ 39. Re3 Rxe3+ 40. Kxe3 Kc6 41. Kd3 Rd8 42. Be1 Ra8 43. b4 a4 44. Bc3 Kd5 45. g3 Rh8 0-1

[Event "Weymouth Minor op"]
[Site "Weymouth"]
[Date "2008.10.26"]
[Round "4"]
[White "Winter, Cyril J"]
[Black "Neat, Roger J"]
[Result "0-1"]
[WhiteElo "1392"]
[BlackElo "1512"]
[PlyCount "68"]
[EventDate "2008.10.24"]
[EventType "swiss"]
[EventRounds "5"]
[EventCountry "ENG"]
[SourceTitle "EXT 2011"]
[Source "ChessBase"]
[SourceDate "2010.11.26"]
[SourceVersion "1"]
[SourceVersionDate "2010.11.26"]
[SourceQuality "1"]

1. c4 c5 2. Nc3 Nc6 3. Nf3 Nf6 4. d4 cxd4 5. Nxd4 Nxd4 6. Qxd4 d6 7. e4 e5 8. Qd3 h6 9. h3 Be6 10. Be2 Rc8 11. b3 a6 12. 0-0 Be7 13. Rd1 0-0 14. Qg3 Kh8 15. f4 exf4 16. Bxf4 Qb6+ 17. Be3 Qb4 18. Bd4 Rfd8 19. Rac1 Qa5 20. Qe3 Qg5 21. Qf3 Qa5 22. Na4 Qg5 23. Bb6 Re8 24. Be3 Qa5 25. Bb6 Qg5 26. Rc3 Bd7 27. Be3 Qa5 28. Nb6 Qxc3 29. Nxc8 Bxc8 30. Rc1 Qb2 31. Rf1 Qxa2 32. Bd4 Qa5 33. h4 Bd8 34. Kh1 Bg4 0-1